Computer security handbook : 1997 supplement

Αποθηκεύτηκε σε:
Λεπτομέρειες βιβλιογραφικής εγγραφής
Άλλοι συγγραφείς: Hutt, Arthur E. (Επιμελητής έκδοσης), Bosworth, Seymour (Μεταφραστής), Hoyt, Douglas B. (Επιμελητής έκδοσης)
Μορφή: Βιβλίο
Γλώσσα:English
Δημοσίευση: New York : John Wiley & Sons, 1997
Έκδοση:3rd ed.
Θέματα:
Ετικέτες: Προσθήκη ετικέτας
Δεν υπάρχουν, Καταχωρήστε ετικέτα πρώτοι!

MARC

LEADER 00000nam a2200000 i 4500
001 1/94255
008 991203s1997 eng d
020 |a 0-471-17297-9 
035 |l 10054733 
040 |a GR-MY-UA  |b gre  |e aacr 
041 0 |a eng 
082 0 |a 658.478 
245 1 0 |a Computer security handbook :  |b 1997 supplement /  |c edited by Arthur E. Hutt, Seymour Bosworth and Douglas B. Hoyt 
250 |a 3rd ed. 
260 |a New York :   |b John Wiley & Sons,   |c 1997 
300 |a xii, 98 p. (in various paging) 
504 |a Includes index 
650 0 0 |a Electronic data processing departments  |x Security measures. 
700 0 |a Hutt, Arthur E.  |4 edt 
700 0 |a Bosworth, Seymour.  |4 trl 
700 0 |a Hoyt, Douglas B.  |4 edt 
852 |a INST  |b CHIOS  |e 19991203  |h 658.478 COM  |p 005200019364  |q 005200019364  |t BK  |y 0 
901 |a BIBL2-1999-3 
909 |a Χ  |b 070186 
922 |a 2ΕΛΗ  |b 199911  |c ΤΝΕΥ  |d ΠΑΠΑΣΩΤΗΡΙΟΥ 
950 |a 125-1999-07-15 
970 |a ΣΠΕΝΤΖΑ  |b ΕΛΕΝΗ  |z 1999/12/03